Normal view
MARC view
- Russell, Victoria
Entry Personal Name
001 - CONTROL NUMBER
- control field: 44456
003 - CONTROL NUMBER IDENTIFIER
- control field: OSt
005 - DATE AND TIME OF LATEST TRANSACTION
- control field: 20220304091323.0
008 - FIXED-LENGTH DATA ELEMENTS
- fixed length control field: 220304|| aca||aabn | a|a d
040 ## - CATALOGING SOURCE
- Original cataloging agency: OSt
- Transcribing agency: OSt
100 ## - HEADING--PERSONAL NAME
- Personal name: Russell, Victoria
- Titles and other words associated with a name: (Professor of Spanish),
- Relator term: author.
670 ## - SOURCE DATA FOUND
- Source citation: Work cat.: (OSt)0: Russell, Victoria (Professor of Spanish), author., Teaching language online:
